Capitales llamadas “Ciudad de…” - Estadísticas

Estadísticas generales
  • Esta prueba ha sido intentada 32 veces
    7 desde el último reinicio
  • La puntuación promedio es 4 de 5
Estadísticas de respuestas
Capital/País % Correcto
Ciudad de Mexico
100%
Ciudad de Panamá
100%
Ciudad de Guatemala
83%
Ciudad del Vaticano
67%
Ciudad del Cabo
50%
No se encontraron pruebas coincidentes
Distribución de puntuación
Porcentaje de gente con cada puntuación
Porcentaje por número respondido
Historial de tus puntuaciones
No has intentado esta prueba desde el último reinicio